Logo BPK

Biblioteka

Politechniki Koszalińskiej

Visual Basic 6 : (Rekord nr 38737)

Szczegóły MARC
000 -ETYKIETA REKORDU
podpole kontrolne o stałej długości 00744nam a2200253 i 4500
001 - NUMER KONTROLNY REKORDU
pole kontrolne bg
020 ## - MIĘDZYNARODOWY ZNORMALIZOWANY NUMER KSIĄŻKI - ISBN
ISBN 837197096X
040 ## - ŹRÓDŁO KATALOGOWANIA
Instytucja, która utworzyła rekord BPK
041 1# - KOD JĘZYKA
Kod języka tekstu pl
Kod języka oryginału en
080 ## - UNIWERSALNA KLASYFIKACJA DZIESIĘTNA - UKD
UKD 004.438(07)Basic
920 ## - Międzynarodowy znormalizowany numer książki – ISBN
ISBN 83-7197-096-X
008 - POLE O STAŁEJ DŁUGOŚCI - DANE KONTROLNE
podpole kontrolne o stałej długości s pl f |000 0 pol
100 1# - NAZWA OSOBOWA
Nazwa osobowa THAYER, Rob
245 10 - TYTUŁ/ODPOWIEDZIALNOŚĆ
Tytuł Visual Basic 6 :
Ciąg dalszy tytułu księga eksperta /
Pozostałe elementy strefy tytułu i oznaczenia odpowiedzialności Rob Thayer ; [tł. Maria Sokół].
246 ## - WARIANT TYTUŁU
Treść wyrażenia wprowadzającego Tyt. oryg.:
Tytuł Visual Basic 6 unleashed
260 ## - STREFA ADRESU WYDAWNICZEGO
Miejsce wydania Gliwice :
Nazwa wydawcy/dystrybutora "Helion",
Data publikacji, dystrybucji/powstania dokumentu cop. 1999.
300 ## - STREFA OPISU FIZYCZNEGO
Objętość 904 s. :
Inne cechy fizyczne il. ;
Rozmiary 24 cm +
Dokument towarzyszący CD ROM.
500 ## - UWAGI OGÓLNE
Tekst uwagi Tyt. oryg.: ["Visual Basic 6 unleashed"].
504 ## - UWAGA DOTYCZĄCA BIBLIOGRAFII
Informacje o bibliografii Indeks.
650 #9 - HASŁO PRZEDMIOTOWE W FORMIE NAZWY OGÓLNEJ LUB JEDNOSTKOWEJ
Nazwa ogólna lub geograficzna Visual Basic
655 ## - TERMIN INDEKSOWY - OKREŚLENIE RODZAJU/FORMY DOKUMENTU
Określenie rodzaju/formy dokumentu Podręczniki
856 ## - LOKALIZACJA I DOSTĘP DO ELEKTRONICZNYCH DOKUMENTÓW ZDALNYCH
Link (URL) http://koha.tu.koszalin.pl/cgi-bin/koha/opac-detail.pl?biblionumber=38737
Tekst linku Katalog online BPK
942 ## - DODATKOWE ELEMENTY (KOHA)
Typ dokumentu Książka
Egzemplarze
Wycofany Status egzemplarza Uszkodzony Dostępność Lokalizacja stała Lokalizacja bieżąca Miejsce przechowywania Sygnatura Kod kreskowy Typ dokumentu
      Dostępny Biblioteka Politechniki Koszalińskiej Biblioteka Politechniki Koszalińskiej Wypożyczalnia BG 56810 01528770 Książka
      Dostępny Biblioteka Politechniki Koszalińskiej Biblioteka Politechniki Koszalińskiej Wypożyczalnia BG 56811 01528787 Książka
© 2023 Biblioteka Politechniki Koszalińskiej :: KOHA